Guess the Taylor Swift song #6 - Statistics

General Stats
  • This quiz has been taken 16 times
  • The average score is 178 of 296
Answer Stats
Answer % Correct
a
92%
I
92%
you
92%
You
92%
be
83%
he
83%
the
83%
The
83%
and
75%
it
75%
like
75%
this
75%
to
75%
who
75%
your
75%
You're
75%
all
67%
by
67%
cool
67%
if
67%
in
67%
It's
67%
it's
67%
me
67%
my
67%
no
67%
there
67%
as
58%
been
58%
blood
58%
boys
58%
Everything
58%
for
58%
friends
58%
hear
58%
I'd
58%
I'll
58%
is
58%
loves
58%
never
58%
not
58%
perfect
58%
play
58%
see
58%
tears
58%
they
58%
we're
58%
were
58%
what
58%
ages
50%
always
50%
aren't
50%
ashes
50%
best
50%
better
50%
bodies
50%
body
50%
bracelets
50%
can
50%
can't
50%
cared
50%
could
50%
Daisy
50%
days
50%
different
50%
don't
50%
dream
50%
dreams
50%
escape
50%
face
50%
fireplace
50%
friendship
50%
From
50%
from
50%
funny
50%
gave
50%
getting
50%
gonna
50%
great
50%
have
50%
He's
50%
home
50%
hosted
50%
jokes
50%
just
50%
Just
50%
kid
50%
kiss
50%
know
50%
learn
50%
long
50%
lot
50%
make
50%
May
50%
moment
50%
money
50%
notice
50%
of
50%
okay
50%
on
50%
one
50%
own
50%
parking
50%
parties
50%
party
50%
patiently
50%
petals
50%
picked
50%
rare
50%
room
50%
saved
50%
saw
50%
say
50%
search
50%
smoking
50%
so
50%
So
50%
Something
50%
something
50%
songs
50%
splashes
50%
sprinkler
50%
Sprinkler
50%
starved
50%
stay
50%
sweat
50%
take
50%
Take
50%
taste
50%
that
50%
them
50%
There's
50%
took
50%
touch
50%
town
50%
voice
50%
wait
50%
waited
50%
weren't
50%
with
50%
writing
50%
You've
50%
afraid
42%
anyway
42%
around
42%
away
42%
blood-soaked
42%
bloomed
42%
bridges
42%
burned
42%
called
42%
'Cause
42%
choose
42%
didn't
42%
got
42%
gown
42%
looked
42%
lose
42%
out
42%
pages
42%
phone
42%
reason
42%
stays
42%
step
42%
still
42%
Summer
42%
taxi
42%
turned
42%
went
42%
Yeah
42%
yearning
42%
run
33%
No matching quizzes found
Score Distribution
Percent of People with Each Score
Percentile by Number Answered
Your Score History
You have not taken this quiz